000 00552nam a2200217Ia 4500
003 OSt
005 20220924134939.0
006 a|||||r|||| 00| 0
007 ta
008 220923b |||||||| |||| 00| 0 ben d
024 _a287890
037 _cTextual
040 _aARTS
_cARTS
_bben
041 _2ben
_aben
082 _aDelta2y7M54, 157K6
100 _aJagannathananath
_9209539
245 0 _aShree ma - kat
260 _c1966
942 _hDelta2y7M54, 157K6
_cTEXL
_2CC
999 _c439144
_d439144